[Event "Chigorin Memorial 24th"]
[Site "St Petersburg"]
[Date "2016.10.21"]
[Round "7"]
[White "Tarnopolskiy, Lev"]
[Black "Svidinsky, Dmitry"]
[Result "0-1"]
[WhiteElo "1913"]
[BlackElo "2099"]
[PlyCount "74"]
[EventDate "2016.10.15"]
[EventType "swiss"]
[EventRounds "9"]
[EventCountry "RUS"]
[SourceTitle "CBM 175 Extra"]
[Source "ChessBase"]
[SourceDate "2016.12.12"]
[SourceVersion "1"]
[SourceVersionDate "2016.12.12"]
[SourceQuality "1"]

1. d4 Nf6 2. Nf3 d5 3. Bf4 e6 4. e3 c5 5. c4 Nc6 6. Nc3 cxd4 7. Nxd4 Bb4 8. Nc2 Bxc3+ 9. bxc3 Qa5 10. Qd3 e5 11. cxd5 Nxd5 12. Bg3 0-0 13. Be2 Nxc3 14. 0-0 Rd8 15. Nd4 Nxe2+ 16. Qxe2 exd4 17. e4 d3 18. Qe3 Be6 19. Kh1 Rac8 20. f4 f6 21. Bh4 Qh5 22. Qg3 Qg4 23. Qf2 g5 24. Bg3 Qe2 25. Qc5 d2 26. Rad1 Qxf1+ 27. Rxf1 d1Q 28. Qg1 Qg4 29. fxg5 Nd4 30. Qf2 Qe2 31. Qf4 Rc2 32. Rg1 f5 33. g6 Qg4 34. gxh7+ Kxh7 35. Qe5 Qxe4 36. Qf6 Bd5 37. Be5 Qxg2+ 0-1